000 00372 a2200157 4500
001 70613
020 _a9788563382023
040 _cAnchieta - Itaigara
100 _aRosa, Regis L. A.
240 1 0 _aRamsés II e a Batalha de Kadesh
_lpor
245 1 0 _aRamsés II e a Batalha de Kadesh
300 _a107
362 0 _a2010
650 4 _aFicção brasileira
942 _cBK
999 _c70613
_d70613